Manchester City Goalkeeper By Year - Statistics

General Stats
  • This quiz has been taken 899 times
    255 since last reset
  • The average score is 21 of 62
Answer Stats
Season Goalkeeper % Correct
2024-25 Ederson
99%
2023-24 Ederson
99%
2022-23 Ederson
99%
2021-22 Ederson
99%
2020-21 Ederson
99%
2019-20 Ederson
99%
2018-19 Ederson
99%
2017-18 Ederson
99%
2015-16 Joe Hart
96%
2014-15 Joe Hart
96%
2013-14 Joe Hart
96%
2012-13 Joe Hart
96%
2011-12 Joe Hart
96%
2010-11 Joe Hart
96%
2008-09 Joe Hart
96%
2007-08 Joe Hart
96%
2016-17 Claudio Bravo
74%
2009-10 Shay Given
39%
2002-03 Peter Schmeichel
38%
2005-06 David James
30%
2004-05 David James
30%
2003-04 David Seaman
21%
2006-07 Nicky Weaver
11%
2000-01 Nicky Weaver
11%
1961-62 Bert Trautmann
10%
1960-61 Bert Trautmann
10%
1959-60 Bert Trautmann
10%
1958-59 Bert Trautmann
10%
1957-58 Bert Trautmann
10%
1956-57 Bert Trautmann
10%
1955-56 Bert Trautmann
10%
1954-55 Bert Trautmann
10%
1953-54 Bert Trautmann
10%
1952-53 Bert Trautmann
10%
1951-52 Bert Trautmann
10%
1994-95 Tony Coton
10%
1993-94 Tony Coton
10%
1992-93 Tony Coton
10%
1991-92 Tony Coton
10%
1990-91 Tony Coton
10%
1982-83 Joe Corrigan
9%
1981-82 Joe Corrigan
9%
1980-81 Joe Corrigan
9%
1979-80 Joe Corrigan
9%
1978-79 Joe Corrigan
9%
1977-78 Joe Corrigan
9%
1976-77 Joe Corrigan
9%
1975-76 Joe Corrigan
9%
1972-73 Joe Corrigan
9%
1971-72 Joe Corrigan
9%
1970-71 Joe Corrigan
9%
1969-70 Joe Corrigan
9%
1995-96 Eike Immel
7%
1989-90 Andy Dibble
6%
1968-69 Harry Dowd
4%
1966-67 Harry Dowd
4%
1962-63 Harry Dowd
4%
1974-75 Keith MacRae
4%
1973-74 Keith MacRae
4%
1967-68 Ken Mulhearn
4%
1986-87 Perry Suckling
4%
1985-86 Eric Nixon
3%
No matching quizzes found
Score Distribution
Percent of People with Each Score
Percentile by Number Answered
Your Score History
You have not taken this quiz since the last reset